Ochranné známky tykajúce sa biopotravín, zvýrazňujúce tradičný charakter potravín, ale aj slovenský pôvod výrobkov registrované obchodnými reťazcami pôsobiacimi na Slovensku
Analýza ochranných známok biopotravín, známok zvýrazňujúcich tradičný charakter potravín, ale aj výrobkov týkajúcich sa slovenského pôvodu registrovaných obchodnými reťazcami na Úrade Priemyselného Vlastníctva Slovenskej republiky.
Guardado en:
| Autor principal: | |
|---|---|
| Otros Autores: | |
| Formato: | Capítulo de libro |
| Lenguaje: | eslovaco |
| Materias: | |
| Etiquetas: |
Sin Etiquetas, Sea el primero en etiquetar este registro!
|
MARC
| LEADER | 00000nla a2200000 4500 | ||
|---|---|---|---|
| 001 | 0213618 | ||
| 005 | 20240502073550.7 | ||
| 041 | 0 | |a slo | |
| 044 | |a SK | ||
| 245 | 1 | 0 | |a Ochranné známky tykajúce sa biopotravín, zvýrazňujúce tradičný charakter potravín, ale aj slovenský pôvod výrobkov registrované obchodnými reťazcami pôsobiacimi na Slovensku |c Malgorzata A. Jarossová, Karina Minďašová |
| 520 | |a Analýza ochranných známok biopotravín, známok zvýrazňujúcich tradičný charakter potravín, ale aj výrobkov týkajúcich sa slovenského pôvodu registrovaných obchodnými reťazcami na Úrade Priemyselného Vlastníctva Slovenskej republiky. | ||
| 610 | 2 | 0 | |a Slovensko |
| 610 | 2 | 0 | |a známky ochranné |
| 610 | 2 | 0 | |a biopotraviny |
| 610 | 2 | 0 | |a označovanie tovarov |
| 610 | 2 | 0 | |a reťazce obchodné |
| 610 | 2 | 0 | |a značky výrobkov |
| 610 | 2 | 0 | |a vlastníctvo priemyselné |
| 100 | 1 | |a Jarossová, Malgorzata Agnieszka, 1978- | |
| 700 | 1 | |a Minďašová, Karina | |